<?xml version="1.0" encoding="UTF-8"?>
<record
    xmlns:xsi="http://www.w3.org/2001/XMLSchema-instance"
    xsi:schemaLocation="http://www.loc.gov/MARC21/slim http://www.loc.gov/standards/marcxml/schema/MARC21slim.xsd"
    xmlns="http://www.loc.gov/MARC21/slim">

  <leader>01282nam a2200325 a 4500</leader>
  <controlfield tag="001">000000746</controlfield>
  <controlfield tag="003">DO-SdBNP</controlfield>
  <controlfield tag="005">20251210123949.0</controlfield>
  <controlfield tag="008">090429s2002    sp            001 0 spa d</controlfield>
  <datafield tag="020" ind1=" " ind2=" ">
    <subfield code="a">8449312221</subfield>
  </datafield>
  <datafield tag="020" ind1=" " ind2=" ">
    <subfield code="a">9788449312229</subfield>
  </datafield>
  <datafield tag="035" ind1=" " ind2=" ">
    <subfield code="a">(OCoLC)319640132</subfield>
  </datafield>
  <datafield tag="040" ind1=" " ind2=" ">
    <subfield code="a">DO-SdBNP</subfield>
    <subfield code="b">spa</subfield>
    <subfield code="c">BNPHU</subfield>
  </datafield>
  <datafield tag="041" ind1="1" ind2="7">
    <subfield code="a">spa</subfield>
    <subfield code="h">fra</subfield>
  </datafield>
  <datafield tag="082" ind1=" " ind2="4">
    <subfield code="a">190</subfield>
    <subfield code="b">C739i</subfield>
    <subfield code="2">22</subfield>
  </datafield>
  <datafield tag="100" ind1="1" ind2=" ">
    <subfield code="a">Comte-Sponville, Andr&#xE9;</subfield>
    <subfield code="9">2543</subfield>
  </datafield>
  <datafield tag="240" ind1="1" ind2="0">
    <subfield code="a">Pr&#xE9;sentations de la philosophie</subfield>
  </datafield>
  <datafield tag="245" ind1="1" ind2="0">
    <subfield code="a">Invitaci&#xF3;n a la filosof&#xED;a /</subfield>
    <subfield code="c">Andr&#xE9; Comte-Sponville ; traducci&#xF3;n del franc&#xE9;s Vicente G&#xF3;mez Ib&#xE1;&#xF1;ez.</subfield>
  </datafield>
  <datafield tag="260" ind1=" " ind2=" ">
    <subfield code="a">Barcelona :</subfield>
    <subfield code="b">Paid&#xF3;s,</subfield>
    <subfield code="c">2002.</subfield>
  </datafield>
  <datafield tag="300" ind1=" " ind2=" ">
    <subfield code="a">200 p. ;</subfield>
    <subfield code="c">22 cm.</subfield>
  </datafield>
  <datafield tag="490" ind1="0" ind2=" ">
    <subfield code="a">Paid&#xF3;s Contextos ;</subfield>
    <subfield code="v">74</subfield>
  </datafield>
  <datafield tag="504" ind1=" " ind2=" ">
    <subfield code="a">Bibliograf&#xED;a: p.165-200.</subfield>
  </datafield>
  <datafield tag="505" ind1="0" ind2=" ">
    <subfield code="t">Pr&#xF3;logo --</subfield>
    <subfield code="t">La moral --</subfield>
    <subfield code="t">La pol&#xED;tica --</subfield>
    <subfield code="t">El amor --</subfield>
    <subfield code="t">La muerte --</subfield>
    <subfield code="t">El conocimiento --</subfield>
    <subfield code="t">La libertad --</subfield>
    <subfield code="t">Dios --</subfield>
    <subfield code="t">El ate&#xED;smo --</subfield>
    <subfield code="t">El arte --</subfield>
    <subfield code="t">El tiempo --</subfield>
    <subfield code="t">El hombre --</subfield>
    <subfield code="t">La sabidur&#xED;a --</subfield>
    <subfield code="t">Bibliograf&#xED;a --</subfield>
    <subfield code="t">Bibliograf&#xED;a complementaria.</subfield>
  </datafield>
  <datafield tag="650" ind1=" " ind2="0">
    <subfield code="a">Filosof&#xED;a moderna</subfield>
    <subfield code="v">Ensayos, conferencias, etc.</subfield>
    <subfield code="y">Siglo XX</subfield>
    <subfield code="9">8156</subfield>
  </datafield>
  <datafield tag="650" ind1=" " ind2="4">
    <subfield code="a">Ensayos franceses</subfield>
    <subfield code="9">2545</subfield>
  </datafield>
  <datafield tag="700" ind1="1" ind2=" ">
    <subfield code="a">G&#xF3;mez Ib&#xE1;&#xF1;ez, Vicente,</subfield>
    <subfield code="e">tr.</subfield>
    <subfield code="9">2546</subfield>
  </datafield>
  <datafield tag="830" ind1=" " ind2="1">
    <subfield code="a">Paid&#xF3;s Contextos ;</subfield>
    <subfield code="v">74</subfield>
    <subfield code="9">2547</subfield>
  </datafield>
  <datafield tag="910" ind1=" " ind2=" ">
    <subfield code="a">Validado. Control de calidad EMS</subfield>
  </datafield>
  <datafield tag="942" ind1=" " ind2=" ">
    <subfield code="2">ddc</subfield>
    <subfield code="c">LBS1</subfield>
  </datafield>
  <datafield tag="952" ind1=" " ind2=" ">
    <subfield code="0">0</subfield>
    <subfield code="1">0</subfield>
    <subfield code="5">2</subfield>
    <subfield code="7">5</subfield>
    <subfield code="8">DS</subfield>
    <subfield code="a">BNPHU</subfield>
    <subfield code="b">BNPHU</subfield>
    <subfield code="c">HD</subfield>
    <subfield code="d">2009-08-25</subfield>
    <subfield code="i">LF1</subfield>
    <subfield code="l">0</subfield>
    <subfield code="o">190 C739i</subfield>
    <subfield code="p">746-10</subfield>
    <subfield code="r">2020-06-25</subfield>
    <subfield code="w">2020-06-25</subfield>
    <subfield code="y">LF1</subfield>
    <subfield code="Z">Pr&#xE9;stamo interno</subfield>
  </datafield>
  <datafield tag="999" ind1=" " ind2=" ">
    <subfield code="c">742</subfield>
    <subfield code="d">742</subfield>
  </datafield>
</record>
